Library of the University of Algiers 3
Ibrahim Sultan Cheibout
شعار جامعة الجزائر 3
مكتبة جامعة الجزائر 3
إبراهيم سلطان شيبوط

البسيك لحاسب كومودور 64 / (رقم التسجيلة. 45218)

تفاصيل مارك
000 -LEADER
fixed length control field 01196nam a2200205Ia 4500
003 - CONTROL NUMBER IDENTIFIER
control field Ost
005 - DATE AND TIME OF LATEST TRANSACTION
control field 20260507075632.0
008 - FIXED-LENGTH DATA ELEMENTS--GENERAL INFORMATION
fixed length control field 260507s9999||||xx |||||||||||||| ||und||
040 ## - CATALOGING SOURCE
Transcribing agency fsecg
041 ## - LANGUAGE CODE
Language code of text/sound track or separate title ara
082 ## - DEWEY DECIMAL CLASSIFICATION NUMBER
Classification number 1.64
100 ## - MAIN ENTRY--PERSONAL NAME
Personal name جمعة، نزار
Relator term مؤلف
245 #0 - TITLE STATEMENT
Title البسيك لحاسب كومودور 64 /
Statement of responsibility, etc. نزار جمعة
260 ## - PUBLICATION, DISTRIBUTION, ETC.
Place of publication, distribution, etc. بيروت:
Name of publisher, distributor, etc. الدار العربية للعلوم,
Date of publication, distribution, etc. 1988
300 ## - PHYSICAL DESCRIPTION
Extent 268 صفحة؛
Other physical details إيضاحات ؛
Dimensions 22 سم
520 ## - SUMMARY, ETC.
Summary, etc. مقدمة للمناسبات الألية وللبرمجة ،عبارات المدخلات والمخرجات ،تطوير البرنامج : تفريغ مشروط وتفريغ غير مشروط ،الأوامر وظائف أخرى الجداول الالمفربية ،توليد الصوت ، ضلال الرسوم والرموز المصممة الخاصة ، توليد الصوت ، استعمال الألة الطابعة ووحدة الأسطوانة ،استعمال الملفات البيانية ، معالجة الملفات ومثال عن التقارير
653 ## - INDEX TERM--UNCONTROLLED
Uncontrolled term البرمجة الآلية
700 ## - ADDED ENTRY--PERSONAL NAME
Personal name خطاب، أحمد
Relator term مؤلف ثانوي
942 ## - ADDED ENTRY ELEMENTS (KOHA)
Koha item type كتب
المقتنيات
Withdrawn status Lost status Source of classification or shelving scheme Damaged status Not for loan Home library Current library Date acquired Serial enumeration / chronology Inventory number Total checkouts Full call number Barcode Date last seen Price effective from Koha item type
    Dewey Decimal Classification   NOT LOAN / إعارة داخلية مكتبة كلية العلوم الإقتصادية والعلوم التجارية وعلوم التسيير مكتبة كلية العلوم الإقتصادية والعلوم التجارية وعلوم التسيير 07/05/2026 الطابق الأرضي 716/1   أ/716ن1 716/1 07/05/2026 07/05/2026 كتب

موارد الويب المفتوحة


© University of Algiers 3 All Rights Reserved
|
Implemented by LECHELAH Riad